000
00337nam a22001457a 4500
008
221005b ||||| |||| 00| 0 eng d
020
_a
9780323055703
041
_a
eng
080
_2
seventh edition
_a
159.9
082
_a
159.9 SEI
100
_a
24.1
101
_a
PSI
245
_a
PHYSICAL EXAMINATION
_c
SEIDEL.H.M
942
_2
udc
_c
BK
999
_c
58358
_d
58358